000 01116aam a2200313 i 4500
001 768714001
003 CO-MdFUSB
005 20250826110152.0
007 ta
008 250826t1973 ag |||| |||| 00| 0 spa d
040 _cCO-MdFUSB
041 0 _aspa
_heng
082 0 4 _a248.844
_223
_bD1841c
100 1 _aDaniels, Elam J.
_eautor
240 _aHow to Be Happily Married
245 _aComo ser... feliz en el matrimonio
_c/ Elam J. Daniel
260 _aEl Paso, TX., USA :
264 1 _aEl Paso, TX., USA :
_bCasa Bautista de Publicaciones,
_c[1973]
264 4 _c©1973
300 _a81 páginas
336 _atexto
_btxt
_2rdacontent
337 _2rdamedia
_asin mediación
_bn
338 _2rdacarrier
_avolumen
_bnc
505 _a¿Por qué fue escrito este libro. -- Continúen su noviazgo. -- Los comejenes que destruyen el hogar. -- Algunas reglas para recordar. -- Una vida sexual normal y esencial. -- Permitan que cristo sea el centro del hogar.
563 _aPasta dura
650 7 _aMatrimonio
_xAspectos religiosos
_bCristianismo
_9291
942 _cBK
945 _aAndrés Zabala
999 _c32502
_d32502